| 000 | 00789nam a22002297a 4500 | ||
|---|---|---|---|
| 005 | 20170124110033.0 | ||
| 010 | _aA-992451 | ||
| 020 |
_c550.00 _a8186880038 |
||
| 035 | _aA-992451 | ||
| 037 | _bCen Lib/Ret | ||
| 040 |
_aDPL _bEN |
||
| 082 |
_a374.40954 _bOPE |
||
| 245 |
_aOpen and distance education : _cedited by Santosh Panda _bpolicies, practices and quality concerns / |
||
| 260 |
_aNew Delhi _bAravali Books International _c1999 |
||
| 270 |
_aW-30, okhla industrial area phase 2, _bNew Delhi _e110020 |
||
| 300 |
_axiii, 445p. _c23cm(Hb) |
||
| 500 | _aIncludes index | ||
| 650 |
_aEducation _xDistance education _zIndia _922030 |
||
| 650 |
_aDevelopment and policies _922031 |
||
| 700 |
_aPanda, Santosh _921732 |
||
| 942 |
_2ddc _cEN _h374.40954 _mOPE |
||
| 999 |
_c127960 _d127960 |
||